000 00379pab a2200133 454500
008 180718b xxu||||| |||| 00| 0 eng d
100 _aRay, J.N.
245 _aThe city of Calcutta: a blue print for its future
650 _a Cities and Towns
650 _a Calcutta Municipal Corporation
650 _aCities and Towns - India - West Bengal
773 _aNagarlok
909 _a22877
999 _c22877
_d22877